MLB Home Run Leaders From Every Team 2020 - Statistics

General Stats
  • This quiz has been taken 233 times
  • The average score is 12 of 30
Answer Stats
Team Player % Correct
Angels Mike Trout
76%
Dodgers Mookie Betts/AJ Pollock
68%
Phillies Bryce Harper
66%
Padres Fernando Tatis Jr.
59%
White Sox Jose Abreu
59%
Yankees Luke Voit
58%
Mets Pete Alonso
58%
Indians Jose Ramirez
56%
Nationals Juan Soto
53%
Astros George Springer
51%
Rockies Trevor Story
50%
Braves Marcell Ozuna
49%
Athletics Matt Olson
49%
Tigers Miguel Cabrera
46%
Red Sox Xander Bogaerts/Rafael Devers
46%
Twins Nelson Cruz
42%
Royals Salvador Perez
42%
Reds Eugenio Suarez
35%
Cubs Ian Happ
34%
Rangers Joey Gallo/Rougned Odor
31%
Marlins Brian Anderson
24%
Blue Jays Teoscar Hernandez
23%
Rays Brandon Lowe
20%
Brewers Keston Hiura
20%
Mariners Kyle Lewis
19%
Diamondbacks Kole Calhoun
16%
Pirates Colin Moran
11%
Cardinals Brad Miller/Tyler O'Neill
9%
Orioles Renato Nunez
9%
Giants Wilmer Flores
2%
No matching quizzes found
Score Distribution
Percent of People with Each Score
Percentile by Number Answered
Your Score History
You have not taken this quiz